Library Banner

Ancient light (Record no. 76078)

MARC details
000 -LEADER
fixed length control field 00461nam a2200181Ia 4500
001 - CONTROL NUMBER
control field 68485
008 - FIXED-LENGTH DATA ELEMENTS--GENERAL INFORMATION
fixed length control field 150918s9999 xx 000 0 und d
020 ## - INTERNATIONAL STANDARD BOOK NUMBER
International Standard Book Number 0674033620
040 ## - CATALOGING SOURCE
Transcribing agency PK-LaUMT
082 ## - DEWEY DECIMAL CLASSIFICATION NUMBER
Classification number RCC 523.1
Item number LIG-A
100 ## - MAIN ENTRY--PERSONAL NAME
Personal name Lightman, Alan
245 ## - TITLE STATEMENT
Title Ancient light
Remainder of title our changing view of the universe
Statement of responsibility, etc Lightman, Alan
260 ## - PUBLICATION, DISTRIBUTION, ETC. (IMPRINT)
Place of publication, distribution, etc Boston,USA:
Name of publisher, distributor, etc Harvard University,
Date of publication, distribution, etc 1991
300 ## - PHYSICAL DESCRIPTION
Extent 170 p.
546 ## - LANGUAGE NOTE
Language note EN
650 ## - SUBJECT ADDED ENTRY--TOPICAL TERM
Topical term or geographic name as entry element Light
942 ## - ADDED ENTRY ELEMENTS (KOHA)
Koha item type Books
Holdings
Withdrawn status Lost status Damaged status Not for loan Home library Current library Date acquired Total Checkouts Full call number Barcode Date last seen Price effective from Koha item type
        UMT Main Campus UMT Main Campus 2015-09-18   RCC 523.1 LIG-A 93752 2015-09-18 2015-09-18 Books